000 00469nam a22001577a 4500
003 OSt
005 20221013150902.0
008 221013b |||||||| |||| 00| 0 eng d
040 _cBiblioteca Lado V
082 _a779
_bM986m
110 _aMuseu de Arte de Sao Paulo
245 _aMuseu de Arte de Sao Paulo Colecao Pirelli/
260 _aBrasil
_bMuseo de arte de Sao Paulo
_c2006
300 _a100p.
_c23x30cm
942 _2ddc
_c1
_h779
_iM986m
_n0
999 _c2295
_d2295